[Event "8th EUR-ch (w)"]
[Site "Dresden GER"]
[Date "2007.04.09"]
[Round "7"]
[White "Daulyte, Deimante"]
[Black "Dworakowska, Joanna"]
[Result "1/2-1/2"]
[WhiteElo "2224"]
[BlackElo "2363"]
[EventDate "2007.04.03"]
[PlyCount "133"]

1.e4 c5 2.Nf3 d6 3.d4 cxd4 4.Nxd4 Nf6 5.Nc3 a6 6.Be2 e6 7.O-O b5 8.Bf3 Ra7
9.Be3 Rd7 10.a3 Bb7 11.Qe2 Be7 12.Rad1 O-O 13.Bc1 Qc8 14.Rd3 Rc7 15.g4 
Nfd7 16.Bg2 Nc5 17.Rh3 Bf6 18.Rd1 g6 19.Qe3 Bh8 20.Qg3 Rd8 21.Qh4 f6 22.b4
Na4 23.Nxa4 bxa4 24.g5 Rf7 25.gxf6 Bxf6 26.Qg4 Bxd4 27.Rxd4 Qxc2 28.Be3 
Nc6 29.Rd2 Qb3 30.Bb6 Qb1+ 31.Rd1 Qc2 32.f4 Rxf4 33.Qxe6+ Kg7 34.Rhd3 Rf6 
35.Qxf6+ Kxf6 36.Bxd8+ Nxd8 37.Rxd6+ Ne6 38.e5+ Kxe5 39.Bxb7 Nf4 40.R6d2 
Qc3 41.Kf2 Qxa3 42.Re1+ Kf6 43.Re4 g5 44.Bxa6 Qh3 45.Rd6+ Kg7 46.Re7+ Kf8 
47.Rdd7 Qxh2+ 48.Ke1 Qg1+ 49.Kd2 Qf2+ 50.Kc1 Nd5 51.Rxh7 Qe1+ 52.Kc2 Nxb4+
53.Kb2 Qe5+ 54.Ka3 Nc6 55.Kxa4 Qb2 56.Rb7 Qa1+ 57.Kb5 Nd8 58.Rbc7 Qb2+ 59.
Kc4 Qc2+ 60.Kd5 Qf5+ 61.Kc4 Qe4+ 62.Kb3 Qe3+ 63.Kc2 Qf2+ 64.Kb3 Qf3+ 65.
Kc2 Qf2+ 66.Kb3 Qb6+ 67.Kc2 1/2-1/2

[Event "8th EUR-ch (w)"]
[Site "Dresden GER"]
[Date "2007.04.09"]
[Round "7"]
[White "Vozovic, Oksana"]
[Black "Von Wantoch-Rekowski, Danijela"]
[Result "1-0"]
[WhiteElo "2356"]
[BlackElo "2114"]
[EventDate "2007.04.03"]
[PlyCount "171"]

1.e4 e6 2.d3 d5 3.Nd2 Nf6 4.g3 dxe4 5.dxe4 Bc5 6.Bg2 O-O 7.Ngf3 e5 8.O-O 
Nc6 9.h3 b6 10.b3 Ba6 11.c4 Qd3 12.Bb2 Rad8 13.Qb1 b5 14.Qxd3 Rxd3 15.cxb5
Bxb5 16.a4 Rxd2 17.Nxd2 Bxf1 18.Kxf1 Bd4 19.Rc1 Bxb2 20.Rxc6 Rc8 21.Nc4 
Bd4 22.Nd6 Rd8 23.Rxc7 Ne8 24.Nxe8 Rxe8 25.b4 Kf8 26.Ke2 Bb6 27.Rc3 Rb8 
28.f4 Bd4 29.Rc4 f6 30.h4 Rb7 31.Bh3 Ke7 32.Bc8 Rb8 33.Ba6 Kd6 34.Bb5 Rb7 
35.Rc6+ Ke7 36.h5 h6 37.f5 Kd8 38.Rd6+ Kc7 39.Re6 Kd8 40.Re8+ Kc7 41.Kd3 
a6 42.Bxa6 Rxb4 43.Bb5 Rb3+ 44.Kc4 Rxg3 45.Kd5 Kb6 46.Ra8 Rg2 47.Ra6+ Kb7 
48.Re6 Be3 49.a5 Rd2+ 50.Kc4 Rd4+ 51.Kb3 Kc7 52.a6 Rxe4 53.Re7+ Kd8 54.Rb7
Kc8 55.Bd7+ Kd8 56.a7 Bxa7 57.Rxa7 Rh4 58.Be6 Rxh5 59.Rxg7 Rh4 60.Kc3 h5 
61.Rf7 Rf4 62.Rxf6 Ke7 63.Rf7+ Kd6 64.Rd7+ Kc6 65.Rh7 h4 66.Kd3 Rd4+ 67.
Ke3 Rf4 68.Bd7+ Kd6 69.Bc8 Kc5 70.Rh5 Kd6 71.Bb7 Ke7 72.Be4 Kf6 73.Rh6+ 
Kf7 74.Rg6 Kf8 75.Re6 Rf1 76.Bf3 h3 77.Rh6 Kg7 78.Rxh3 Kf6 79.Be4 Re1+ 80.
Kf3 Rf1+ 81.Ke2 Rf4 82.Ke3 Rf1 83.Rh6+ Kf7 84.Re6 Re1+ 85.Kf3 Rf1+ 86.Ke2 
1-0

[Event "8th EUR-ch (w)"]
[Site "Dresden GER"]
[Date "2007.04.09"]
[Round "7"]
[White "Voicu, Carmen"]
[Black "Rudolph, Anna"]
[Result "1/2-1/2"]
[WhiteElo "2354"]
[BlackElo "2202"]
[EventDate "2007.04.03"]
[PlyCount "34"]

1.e4 Nf6 2.e5 Nd5 3.d4 d6 4.c4 Nb6 5.exd6 exd6 6.Be3 Be7 7.Nf3 Bf5 8.Nc3 
O-O 9.Be2 Bf6 10.Rc1 Nc6 11.b3 Re8 12.O-O d5 13.c5 Nc8 14.b4 a6 15.Qb3 Be4
16.Rfd1 N8e7 17.Ne1 Nf5 1/2-1/2

[Event "8th EUR-ch (w)"]
[Site "Dresden GER"]
[Date "2007.04.09"]
[Round "7"]
[White "Shukurova, Meihriban"]
[Black "Kadimova, Ilaha"]
[Result "1/2-1/2"]
[WhiteElo "2193"]
[BlackElo "2339"]
[EventDate "2007.04.03"]
[PlyCount "30"]

1.e4 c6 2.d4 d5 3.Nc3 dxe4 4.Nxe4 Bf5 5.Ng3 Bg6 6.Nf3 Nd7 7.h4 h6 8.h5 Bh7
9.Bd3 Bxd3 10.Qxd3 e6 11.Bd2 Qc7 12.c4 Ngf6 13.O-O-O O-O-O 14.Kb1 Bd6 15.
Ne4 Nxe4 1/2-1/2

[Event "8th EUR-ch (w)"]
[Site "Dresden GER"]
[Date "2007.04.09"]
[Round "7"]
[White "Schone, Maria"]
[Black "Mkrtchian, Lilit"]
[Result "0-1"]
[WhiteElo "2151"]
[BlackElo "2424"]
[EventDate "2007.04.03"]
[PlyCount "90"]

1.e4 e5 2.Nf3 Nc6 3.Bb5 a6 4.Ba4 Nf6 5.O-O b5 6.Bb3 Bc5 7.d3 d6 8.a4 Rb8 
9.axb5 axb5 10.Nc3 Bg4 11.Be3 Nd4 12.Bxd4 Bxd4 13.h3 Bh5 14.g4 Bxc3 15.
bxc3 Bg6 16.Nh4 h5 17.Nxg6 fxg6 18.g5 Nh7 19.h4 Rf8 20.f4 exf4 21.Qf3 Qd7 
22.e5 dxe5 23.Rae1 Rf5 24.Kh2 c5 25.Bd5 Rb6 26.Be4 Nxg5 27.hxg5 Rxg5 28.
Rg1 Rg4 29.Rg2 g5 30.Bd5 Rxg2+ 31.Qxg2 g4 32.Rxe5+ Kd8 33.Rxh5 g3+ 34.Kg1 
Qe8 35.Bf7 Qe1+ 36.Qf1 Qe3+ 37.Kh1 f3 38.Qa1 g2+ 39.Kh2 Qf4+ 40.Kg1 Qe3+ 
41.Kh2 Ra6 42.Rh8+ Kc7 43.Qb1 Rh6+ 44.Rxh6 Qxh6+ 45.Kg3 Qh1 0-1

[Event "8th EUR-ch (w)"]
[Site "Dresden GER"]
[Date "2007.04.09"]
[Round "7"]
[White "Cmilyte, Viktorija"]
[Black "Makropoulou, Marina"]
[Result "1-0"]
[WhiteElo "2462"]
[BlackElo "2268"]
[EventDate "2007.04.03"]
[PlyCount "103"]

1.d4 d5 2.c4 c6 3.Nf3 Nf6 4.Nc3 a6 5.c5 Bf5 6.Qb3 Ra7 7.Bf4 Nbd7 8.h3 h6 
9.e3 g5 10.Bg3 Bg7 11.Be2 Ne4 12.Nxe4 Bxe4 13.O-O O-O 14.Nd2 Bg6 15.Qc3 e5
16.dxe5 Qe7 17.f4 Qxc5 18.Qxc5 Nxc5 19.f5 Bh7 20.b4 Nd7 21.f6 Bh8 22.Bg4 
b6 23.Rac1 Bd3 24.Rf2 Bb5 25.Nb3 Re8 26.Bxd7 Rxd7 27.Nd4 Ba4 28.h4 gxh4 
29.Bf4 Kh7 30.Rf3 Rg8 31.Rh3 Rg4 32.g3 Rd8 33.Rxh4 Rxh4 34.gxh4 Rc8 35.Nf5
c5 36.bxc5 bxc5 37.Nxh6 c4 38.Nxf7 c3 39.Nd6 Rg8+ 40.Kf2 c2 41.e4 dxe4 42.
Nxe4 Rg4 43.Kf3 Rxh4 44.e6 Kg6 45.f7 Bg7 46.Rg1+ Kf5 47.e7 Rxf4+ 48.Kg2 
Bc6 49.f8=Q+ Bxf8 50.exf8=Q+ Kxe4 51.Qc5 Rg4+ 52.Kh2 1-0

[Event "8th EUR-ch (w)"]
[Site "Dresden GER"]
[Date "2007.04.09"]
[Round "7"]
[White "Jackova, Jana"]
[Black "Medic, Mirjana"]
[Result "1-0"]
[WhiteElo "2423"]
[BlackElo "2265"]
[EventDate "2007.04.03"]
[PlyCount "183"]

1.e4 e6 2.d4 d5 3.Nc3 Bb4 4.e5 c5 5.a3 Bxc3+ 6.bxc3 Ne7 7.Qg4 O-O 8.Bd3 
Nbc6 9.Nf3 f5 10.exf6 Rxf6 11.Ne5 Nxe5 12.dxe5 Rf7 13.O-O c4 14.Be2 Qa5 
15.Qh3 Bd7 16.Bg4 Nf5 17.Bxf5 Rxf5 18.f4 h5 19.Qe3 Rc8 20.h3 Qc5 21.Qxc5 
Rxc5 22.Be3 Ra5 23.Rf2 Rf7 24.Kf1 b6 25.Ke2 g6 26.Kd2 Bc6 27.Bd4 Bd7 28.g3
Rh7 29.Kc1 Rb5 30.Rb1 Rxb1+ 31.Kxb1 Kf7 32.Kc1 Ke7 33.Kd2 Kd8 34.Rf1 Kc7 
35.Rb1 Kc6 36.Ke3 Kc7 37.Ke2 Ba4 38.Kd2 Bd7 39.Rg1 Be8 40.Rg2 Kd8 41.Rf2 
Bd7 42.Rf1 Be8 43.Rb1 Kc7 44.a4 Kc6 45.a5 b5 46.a6 Rc7 47.g4 hxg4 48.hxg4 
Rh7 49.Rf1 Bd7 50.Bxa7 Bc8 51.Be3 Bxa6 52.f5 exf5 53.gxf5 gxf5 54.Rxf5 Bc8
55.Rf6+ Kc7 56.Bf4 Re7 57.Ke3 Be6 58.Kd4 Kd7 59.Rh6 Rf7 60.Bg5 Rg7 61.Bf6 
Rg1 62.Kc5 Rg8 63.Kb4 Ra8 64.Bg5 Rg8 65.Be3 Re8 66.Kxb5 Rb8+ 67.Bb6 Re8 
68.Ba7 Rc8 69.Rh7+ Ke8 70.Bc5 Bd7+ 71.Kb4 Rb8+ 72.Ka3 Rb5 73.Bb4 Bf5 74.
Rh6 Kd7 75.Rd6+ Kc7 76.Rf6 Bd7 77.Bd6+ Kc6 78.Be7+ Kc7 79.e6 Be8 80.Bb4 
Rb7 81.Rf8 Kd8 82.Rf5 Rb5 83.Rf4 Kc8 84.Rf8 Kd8 85.Rg8 Rb7 86.Bc5 Rb8 87.
Rg7 Rb5 88.Bb4 Kc8 89.Rg8 Kd8 90.Rh8 Rb7 91.Ba5+ Ke7 92.Rh7+ 1-0

[Event "8th EUR-ch (w)"]
[Site "Dresden GER"]
[Date "2007.04.09"]
[Round "7"]
[White "Gvetadze, Sopio"]
[Black "Stiri, Alexandra"]
[Result "1/2-1/2"]
[WhiteElo "2411"]
[BlackElo "2258"]
[EventDate "2007.04.03"]
[PlyCount "112"]

1.e4 c5 2.b3 e6 3.Bb2 Nc6 4.Nf3 d6 5.d4 cxd4 6.Nxd4 Nxd4 7.Bxd4 Bd7 8.Bd3 
Nf6 9.Nd2 Be7 10.O-O O-O 11.f4 e5 12.fxe5 dxe5 13.Bb2 Bc5+ 14.Kh1 Ng4 15.
Qe1 Qg5 16.Nf3 Qh5 17.Qg3 Rae8 18.Nh4 Re6 19.Rf5 g5 20.Be2 Qxh4 21.Qxh4 
gxh4 22.Bxg4 Rg6 23.Rxe5 Bxg4 24.Rxc5 h3 25.Rc3 hxg2+ 26.Kxg2 f5 27.e5 f4 
28.Kf2 Rh6 29.h3 Rxh3 30.Rxh3 Bxh3 31.e6 Bxe6 32.Rg1+ Kf7 33.Rg7+ Ke8 34.
Rxb7 Bf5 35.c4 Be4 36.Rxa7 Rg8 37.Rg7 Rxg7 38.Bxg7 Bb1 39.a3 Ba2 40.b4 
Bxc4 41.Kf3 Bb5 42.Kxf4 Kf7 43.Be5 Ke6 44.Ke4 Kd7 45.Kd5 Kc8 46.Kc5 Bd7 
47.Kb6 Be8 48.Bh2 Bd7 49.Bg1 Be8 50.Ka5 Kb7 51.a4 Bg6 52.b5 Bd3 53.Kb4 Bf1
54.Kc5 Be2 55.Bh2 Bf1 56.a5 Bxb5 1/2-1/2

[Event "8th EUR-ch (w)"]
[Site "Dresden GER"]
[Date "2007.04.09"]
[Round "7"]
[White "Karlovich, Anastazia"]
[Black "Collas, Silvia"]
[Result "1/2-1/2"]
[WhiteElo "2266"]
[BlackElo "2401"]
[EventDate "2007.04.03"]
[PlyCount "90"]

1.e4 c5 2.Nf3 e6 3.b3 d6 4.Bb2 Nf6 5.e5 dxe5 6.Nxe5 Nbd7 7.f4 Qc7 8.Bc4 
Bd6 9.Qe2 O-O 10.O-O Nb6 11.Bd3 Nbd5 12.Na3 a6 13.Nac4 Nb4 14.a4 Nxd3 15.
Qxd3 Be7 16.a5 Nd5 17.Qg3 f6 18.Ng4 Kh8 19.Nge3 Rb8 20.Qf3 Rd8 21.Kh1 Bf8 
22.Qe4 Qf7 23.Rf3 Bd7 24.Rh3 Qg8 25.Rf1 Bc6 26.Qf3 Nc7 27.Qh5 Nb5 28.Ng4 
Be8 29.Qh4 Nd4 30.Nge3 Bg6 31.d3 Qf7 32.Bc3 Bd6 33.Bxd4 cxd4 34.Nxd6 Rxd6 
35.Nc4 Rd5 36.Rhf3 Rbd8 37.Qf2 Qc7 38.Re1 Qc6 39.Qd2 Bh5 40.Rf2 Rg8 41.Qb4
Bg4 42.Qb6 h5 43.Qxc6 bxc6 44.h3 Bf5 45.g4 hxg4 1/2-1/2

[Event "8th EUR-ch (w)"]
[Site "Dresden GER"]
[Date "2007.04.09"]
[Round "7"]
[White "Zdebskaya, Natalia"]
[Black "Andriasian, Siranush"]
[Result "0-1"]
[WhiteElo "2335"]
[BlackElo "2252"]
[EventDate "2007.04.03"]
[PlyCount "124"]

1.e4 e5 2.Nf3 Nc6 3.Bb5 Nf6 4.d3 Bc5 5.O-O d6 6.c3 O-O 7.Bg5 h6 8.Bh4 Bb6 
9.Nbd2 Qe7 10.Nc4 Be6 11.Nxb6 axb6 12.Ba4 Bg4 13.Bc2 Nd8 14.h3 Bh5 15.g4 
Bg6 16.g5 hxg5 17.Nxg5 Ne6 18.Nxe6 Qxe6 19.Kh2 Nh5 20.Bb3 Qd7 21.Bg5 c6 
22.Qg4 Qc7 23.f4 exf4 24.Bxf4 Kh7 25.Rg1 Nxf4 26.Qxf4 Qe7 27.Rg4 Ra5 28.
Rh4+ Rh5 29.Rxh5+ Bxh5 30.Rg1 g6 31.d4 Re8 32.Bc2 Kg7 33.Rf1 Rh8 34.Bb3 g5
35.Qg3 f6 36.Re1 Bg6 37.e5 dxe5 38.dxe5 f5 39.Kg2 f4 40.Qg4 Rh4 41.Qe6 Qf8
42.Rd1 Bf5 43.Rd7+ Kh8 44.Rf7 Bxe6 45.Rxf8+ Kg7 46.Rb8 Bxh3+ 47.Kf3 Bf5 
48.Rg8+ Kh6 49.Rh8+ Bh7 50.e6 Kg7 51.Rb8 Rh3+ 52.Kf2 Re3 53.Rxb7+ Kh6 54.
Rf7 Bg6 55.Rf8 Kg7 56.Rc8 g4 57.Rc7+ Kf6 58.e7 g3+ 59.Kg2 Re2+ 60.Kf1 g2+ 
61.Kg1 Be8 62.Bc4 f3 0-1

[Event "8th EUR-ch (w)"]
[Site "Dresden GER"]
[Date "2007.04.09"]
[Round "7"]
[White "Kochetkova, Yulia"]
[Black "Rybenko, Ksenia"]
[Result "1-0"]
[WhiteElo "2320"]
[BlackElo "2239"]
[EventDate "2007.04.03"]
[PlyCount "49"]

1.e4 c5 2.a3 Nc6 3.b4 cxb4 4.axb4 Nxb4 5.c3 Nc6 6.d4 d5 7.exd5 Qxd5 8.Na3 
Bd7 9.Nf3 Rc8 10.Bc4 Qe4+ 11.Be3 e6 12.O-O Bxa3 13.Rxa3 Nge7 14.Bd3 Qg4 
15.Qb1 b6 16.c4 Nf5 17.d5 Nfd4 18.Bxd4 Nxd4 19.Ne5 Ne2+ 20.Bxe2 Qxe2 21.
Nxd7 Rc7 22.dxe6 fxe6 23.Qb5 Ke7 24.Re3 Qxc4 25.Qg5+ 1-0

[Event "8th EUR-ch (w)"]
[Site "Dresden GER"]
[Date "2007.04.09"]
[Round "7"]
[White "Seps, Monika"]
[Black "Benderac, Ana"]
[Result "0-1"]
[WhiteElo "2265"]
[BlackElo "2314"]
[EventDate "2007.04.03"]
[PlyCount "108"]

1.e4 c6 2.d4 g6 3.Nc3 d5 4.Nf3 dxe4 5.Nxe4 Bg4 6.Bc4 e6 7.O-O Nf6 8.Neg5 
Bd6 9.h3 Bxf3 10.Nxf3 Nbd7 11.Bh6 Nd5 12.Bxd5 cxd5 13.c4 dxc4 14.d5 e5 15.
Re1 f6 16.Nd4 Kf7 17.Ne6 Qb6 18.Qg4 Nc5 19.Be3 h5 20.Qxc4 Qa6 21.Qh4 Nxe6 
22.dxe6+ Kxe6 23.f4 Kf7 24.Kh1 Rhe8 25.f5 gxf5 26.Qxh5+ Ke6 27.Rad1 Rh8 
28.Qf3 Qc6 29.Qxc6 bxc6 30.Re2 Be7 31.Rc2 Rhc8 32.g3 a6 33.Rf1 Rab8 34.Kg2
Rb5 35.h4 Rd5 36.Rfc1 Kd7 37.h5 f4 38.gxf4 e4 39.Rd2 Rh8 40.Rh1 Ke6 41.Rc2
Kd7 42.Rc4 f5 43.Bd4 Rh7 44.Kf2 Bd6 45.Be3 Rd3 46.Ke2 c5 47.Ra4 Rg7 48.h6 
Rg2+ 49.Bf2 Rf3 50.h7 Rfxf2+ 51.Kd1 Bxf4 52.h8=Q Rd2+ 53.Ke1 Bg3+ 54.Kf1 
Rgf2+ 0-1

[Event "8th EUR-ch (w)"]
[Site "Dresden GER"]
[Date "2007.04.09"]
[Round "7"]
[White "Srebrnic, Ana"]
[Black "Mamedyarova, Turkan"]
[Result "1-0"]
[WhiteElo "2262"]
[BlackElo "2293"]
[EventDate "2007.04.03"]
[PlyCount "107"]

1.Nf3 d5 2.d4 Nf6 3.c4 e6 4.Nc3 Be7 5.Bg5 Nbd7 6.cxd5 exd5 7.e3 c6 8.Bd3 
O-O 9.Qc2 Re8 10.O-O h6 11.Bh4 Ne4 12.Bxe7 Qxe7 13.Bxe4 dxe4 14.Nd2 f5 15.
Rae1 b6 16.Ne2 Qd6 17.Ng3 Ba6 18.Nc4 Qe6 19.Rc1 c5 20.Ne2 b5 21.Na3 Rac8 
22.Nf4 Qf7 23.d5 Ne5 24.Rfd1 c4 25.b4 Nd3 26.Rb1 Red8 27.Ne2 Qxd5 28.Qc3 
Nf4 29.Qc2 Nd3 30.Qc3 Rd6 31.Nc2 Bb7 32.Ncd4 Ra6 33.Ra1 g5 34.a4 bxa4 35.
b5 Rd6 36.Rxa4 Qc5 37.Rda1 f4 38.Rxa7 Rd7 39.R7a5 fxe3 40.fxe3 Qf8 41.Rf1 
Rf7 42.Raa1 Rxf1+ 43.Rxf1 Qb4 44.Nf5 Qxc3 45.Nxc3 Ra8 46.Nxh6+ Kg7 47.Nf5+
Kg6 48.Nd6 Nc5 49.Nxc4 Rc8 50.Nd6 Rb8 51.g4 Ba8 52.Rf5 Nd3 53.Ncxe4 Bxe4 
54.Nxe4 1-0

[Event "8th EUR-ch (w)"]
[Site "Dresden GER"]
[Date "2007.04.09"]
[Round "7"]
[White "Petrenko, Svetlana"]
[Black "Dergatschova-Daus, Anna"]
[Result "1-0"]
[WhiteElo "2289"]
[BlackElo "2230"]
[EventDate "2007.04.03"]
[PlyCount "64"]

1.e4 c5 2.Nf3 e6 3.d4 cxd4 4.Nxd4 a6 5.c4 Nf6 6.Nc3 Bb4 7.Bd3 Nc6 8.Nc2 
Bxc3+ 9.bxc3 d5 10.exd5 exd5 11.Ba3 Be6 12.Qe2 Qc7 13.O-O O-O-O 14.c5 Rhe8
15.Nd4 Bg4 16.Qc2 Re5 17.Rab1 Rh5 18.f4 Bd7 19.Rb6 Ng4 20.Nxc6 Bxc6 21.
Bf5+ Bd7 22.Bxd7+ Qxd7 23.c6 Qe8 24.Qd3 Qe3+ 25.Qxe3 Nxe3 26.cxb7+ Kc7 27.
Rfb1 Nc4 28.b8=Q+ Rxb8 29.Rxb8 Nxa3 30.R8b7+ Kc6 31.R7b6+ Kc5 32.Rxa6 Nc4 
1-0

[Event "8th EUR-ch (w)"]
[Site "Dresden GER"]
[Date "2007.04.09"]
[Round "7"]
[White "Golubenko, Valentina"]
[Black "Van Weersel, Arlette"]
[Result "1-0"]
[WhiteElo "2271"]
[BlackElo "2156"]
[EventDate "2007.04.03"]
[PlyCount "55"]

1.Nf3 Nf6 2.d4 e6 3.c4 b6 4.a3 Ba6 5.Qc2 c5 6.d5 exd5 7.cxd5 g6 8.e4 Bxf1 
9.Kxf1 d6 10.Bf4 Bg7 11.Nc3 Qd7 12.e5 Nh5 13.e6 fxe6 14.dxe6 Qc6 15.Bg3 
O-O 16.Rd1 Nxg3+ 17.hxg3 Rf5 18.g4 Rf6 19.Nd5 Rxe6 20.Qc4 Qd7 21.Nc7 d5 
22.Qxd5 Qxd5 23.Rxd5 Rc6 24.Rd8+ Kf7 25.Nxa8 Na6 26.Rd7+ Kg8 27.Rxa7 Bxb2 
28.Rxa6 1-0

[Event "8th EUR-ch (w)"]
[Site "Dresden GER"]
[Date "2007.04.09"]
[Round "7"]
[White "Franciskovic, Borka"]
[Black "Fakhiridou, Ekaterini"]
[Result "1/2-1/2"]
[WhiteElo "2227"]
[BlackElo "2299"]
[EventDate "2007.04.03"]
[PlyCount "92"]

1.c4 Nf6 2.Nf3 g6 3.g3 Bg7 4.Bg2 O-O 5.O-O d5 6.cxd5 Nxd5 7.Nc3 Nb6 8.d3 
Nc6 9.Be3 h6 10.Qc1 Kh7 11.Rd1 e5 12.d4 exd4 13.Nxd4 Nxd4 14.Bxd4 Bxd4 15.
e3 c6 16.Rxd4 Qe7 17.Ne4 Nd5 18.Qd2 Be6 19.Rc1 Rad8 20.Nc5 Bc8 21.b4 Nf6 
22.Rd1 Rxd4 23.Qxd4 Bg4 24.Rd2 b6 25.Ne4 Nd7 26.Qc3 h5 27.h3 Bf5 28.Qxc6 
Ne5 29.Qd6 Qxd6 30.Rxd6 Rc8 31.Rd2 Kg7 32.Kh2 Rc1 33.Nd6 Be6 34.Be4 Nc4 
35.Nxc4 Rxc4 36.Bd5 Bxd5 37.Rxd5 Rxb4 38.Rd2 a5 39.Kg2 Rb1 40.a4 Rb4 41.
Rd6 Kf8 42.h4 Ke7 43.Rc6 Kd7 44.Rf6 Ke7 45.Rc6 Kd7 46.Rf6 Ke7 1/2-1/2

[Event "8th EUR-ch (w)"]
[Site "Dresden GER"]
[Date "2007.04.09"]
[Round "7"]
[White "Smochina, Carolina"]
[Black "Pokorna, Regina"]
[Result "1-0"]
[WhiteElo "2192"]
[BlackElo "2343"]
[EventDate "2007.04.03"]
[PlyCount "49"]

1.d4 Nf6 2.c4 e6 3.Nc3 Bb4 4.e3 O-O 5.a3 Bxc3+ 6.bxc3 b6 7.Bd3 Bb7 8.f3 d6
9.Ne2 c5 10.O-O Nbd7 11.Ra2 Rc8 12.g4 Ba6 13.Qa4 Nb8 14.Rd2 Qd7 15.Qc2 
cxd4 16.g5 dxe3 17.gxf6 exd2 18.Qxd2 Qd8 19.fxg7 Qf6 20.gxf8=Q+ Kxf8 21.
Ng3 Nd7 22.Nh5 Qe5 23.Qh6+ Ke8 24.Bg5 f5 25.Qxh7 1-0

[Event "8th EUR-ch (w)"]
[Site "Dresden GER"]
[Date "2007.04.09"]
[Round "7"]
[White "Calzetta Ruiz, Monica"]
[Black "Tsoganova, Monika"]
[Result "1/2-1/2"]
[WhiteElo "2340"]
[BlackElo "2185"]
[EventDate "2007.04.03"]
[PlyCount "37"]

1.e4 e5 2.Nf3 Nc6 3.Bb5 a6 4.Ba4 Nf6 5.d3 d6 6.c3 g6 7.O-O Bg7 8.c4 O-O 9.
h3 Nd4 10.Nxd4 exd4 11.Nd2 c6 12.Nf3 b5 13.cxb5 axb5 14.Bb3 Nd7 15.Bg5 Qe8
16.Bf4 Qe7 17.Bg5 Qe8 18.Bf4 Qe7 19.Bg5 1/2-1/2

[Event "8th EUR-ch (w)"]
[Site "Dresden GER"]
[Date "2007.04.09"]
[Round "7"]
[White "Levushkina, Elena"]
[Black "Vogel, Heike"]
[Result "0-1"]
[WhiteElo "2327"]
[BlackElo "2156"]
[EventDate "2007.04.03"]
[PlyCount "64"]

1.e4 d5 2.exd5 Nf6 3.c4 c6 4.d4 cxd5 5.Nc3 Nc6 6.Bg5 dxc4 7.Bxc4 Bd7 8.Nf3
h6 9.Bf4 e6 10.O-O Be7 11.a3 O-O 12.Qd3 Rc8 13.Rad1 Qa5 14.Ba2 Qh5 15.Rfe1
Nd5 16.Nxd5 exd5 17.Bb1 g6 18.Qd2 Bg4 19.Re3 Bf6 20.Rde1 Bxf3 21.Rxf3 Nxd4
22.Rh3 Qxh3 23.gxh3 Nf3+ 24.Kf1 Nxd2+ 25.Bxd2 Bxb2 26.Bxh6 Rfe8 27.Rd1 
Bxa3 28.Ba2 Rc2 29.Bb1 Rb2 30.Be3 d4 31.Bf4 Ree2 32.Bg3 Rbd2 0-1

[Event "8th EUR-ch (w)"]
[Site "Dresden GER"]
[Date "2007.04.09"]
[Round "7"]
[White "Velikhanli, Firuza"]
[Black "Isgandarova, Khayala"]
[Result "1/2-1/2"]
[WhiteElo "2310"]
[BlackElo "2155"]
[EventDate "2007.04.03"]
[PlyCount "76"]

1.Nf3 Nf6 2.g3 g6 3.Bg2 Bg7 4.O-O O-O 5.d4 d6 6.c4 Nbd7 7.Nc3 e5 8.b3 exd4
9.Nxd4 Re8 10.Bb2 Nc5 11.Qc2 a5 12.Rad1 c6 13.Rd2 Qb6 14.Ba3 Ng4 15.h3 Ne5
16.Nf3 Bf5 17.Qc1 Nxf3+ 18.exf3 Nd3 19.Na4 Qa7 20.Qd1 b5 21.cxb5 cxb5 22.
Nb2 Nc5 23.g4 Be6 24.Nd3 a4 25.Nxc5 dxc5 26.Bb2 axb3 27.Bxg7 Kxg7 28.axb3 
Qa3 29.Rd3 Qb4 30.Qc2 c4 31.bxc4 Bxc4 32.Rd4 Qa3 33.Rc1 Re7 34.Qd1 Qa2 35.
Rd7 Qb2 36.Rb1 Qc3 37.Bf1 Ra2 38.Bxc4 Qxc4 1/2-1/2

[Event "8th EUR-ch (w)"]
[Site "Dresden GER"]
[Date "2007.04.09"]
[Round "7"]
[White "Nemcova, Katerina"]
[Black "Ptacnikova, Lenka"]
[Result "1-0"]
[WhiteElo "2164"]
[BlackElo "2290"]
[EventDate "2007.04.03"]
[PlyCount "133"]

1.e4 c5 2.Nf3 e6 3.d4 cxd4 4.Nxd4 a6 5.Bd3 Nf6 6.O-O Qc7 7.Nc3 b5 8.Qe2 d6
9.f4 Nbd7 10.Kh1 Bb7 11.Bd2 h5 12.a4 b4 13.Nd1 e5 14.Nf3 a5 15.Nf2 Be7 16.
c3 Nc5 17.Bb5+ Kf8 18.fxe5 dxe5 19.Qc4 Rc8 20.Ng5 Bd8 21.cxb4 Ncxe4 22.
Qxc7 Nxf2+ 23.Rxf2 Bxc7 24.bxa5 Bd6 25.Rc1 Rxc1+ 26.Bxc1 Ke7 27.Rc2 Bd5 
28.Be3 Nd7 29.a6 f5 30.b4 e4 31.Bxd7 Kxd7 32.Rd2 f4 33.Bc5 Kc6 34.Nxe4 
Bxc5 35.Nxc5 Re8 36.Kg1 g5 37.Nb7 Bc4 38.Rd1 Bxa6 39.Nd6 Be2 40.Rd2 Rd8 
41.b5+ Kc7 42.b6+ Kc6 43.Rxe2 Rxd6 44.a5 Rd1+ 45.Kf2 Ra1 46.Re6+ Kb7 47.
Re7+ Kb8 48.Re5 g4 49.Rxh5 Ra2+ 50.Kf1 Kb7 51.Rh7+ Kb8 52.Rf7 Ra1+ 53.Kf2 
Ra2+ 54.Ke1 Ra1+ 55.Ke2 f3+ 56.gxf3 gxf3+ 57.Rxf3 Rxa5 58.Kf2 Rb5 59.Rf6 
Kb7 60.h4 Rb3 61.h5 Rh3 62.h6 Rh1 63.Kg2 Rh5 64.Kg3 Rh1 65.Kg4 Rg1+ 66.Kh5
Rg2 67.h7 1-0

[Event "8th EUR-ch (w)"]
[Site "Dresden GER"]
[Date "2007.04.09"]
[Round "7"]
[White "Atnilov, Bela"]
[Black "Dolzhikova, Kateryna"]
[Result "1-0"]
[WhiteElo "2164"]
[BlackElo "2282"]
[EventDate "2007.04.03"]
[PlyCount "97"]

1.e4 d5 2.exd5 Qxd5 3.Nc3 Qa5 4.Nf3 Nf6 5.Be2 c6 6.O-O Bf5 7.d4 Nbd7 8.a3 
e6 9.Bf4 Qd8 10.h3 Nb6 11.Bd3 Bxd3 12.Qxd3 Bd6 13.Bg5 h6 14.Bxf6 gxf6 15.
Rfe1 Qd7 16.a4 O-O-O 17.a5 Nd5 18.Nxd5 cxd5 19.a6 b6 20.c4 dxc4 21.Qxc4+ 
Kb8 22.Rec1 Bf4 23.Rc3 Qd5 24.g3 Qxc4 25.Rxc4 Bd6 26.Rc6 Be7 27.Rac1 Rc8 
28.d5 exd5 29.Nd4 Bc5 30.Rd1 Bxd4 31.Rxc8+ Rxc8 32.Rxd4 Rc1+ 33.Kg2 Ra1 
34.Rxd5 Rxa6 35.Rh5 Ra2 36.Rxh6 Rxb2 37.Rxf6 a5 38.h4 Rb5 39.g4 a4 40.h5 
Rg5 41.Kg3 Kb7 42.h6 Rg8 43.Rf4 b5 44.h7 Rh8 45.Rxf7+ Kb6 46.g5 a3 47.g6 
a2 48.Rf6+ Kc5 49.Ra6 1-0

[Event "8th EUR-ch (w)"]
[Site "Dresden GER"]
[Date "2007.04.09"]
[Round "7"]
[White "Cherednichenko, Svetlana"]
[Black "Lauterbach, Ingrid"]
[Result "1-0"]
[WhiteElo "2280"]
[BlackElo "2142"]
[EventDate "2007.04.03"]
[PlyCount "103"]

1.d4 d6 2.Nf3 g6 3.c4 Bg7 4.e4 e5 5.Nc3 Nd7 6.Be2 Ne7 7.d5 O-O 8.h4 h6 9.
h5 g5 10.g4 f6 11.Be3 a5 12.Nd2 b6 13.a3 Bb7 14.b4 axb4 15.axb4 Rxa1 16.
Qxa1 c6 17.O-O Qc7 18.dxc6 Ra8 19.Qb2 Bxc6 20.Nd5 Qd8 21.Ra1 Nc8 22.Rxa8 
Bxa8 23.Qa2 Bb7 24.Nb1 Kh8 25.Nbc3 Bf8 26.Bd1 Nb8 27.Ba4 Na6 28.Bc6 Bxc6 
29.Qxa6 Be7 30.Bxb6 Qd7 31.f3 Bb7 32.Qa4 Bc6 33.b5 Bb7 34.Bf2 Bd8 35.Ne3 
Bb6 36.Ncd5 Bd4 37.Nf5 Bxd5 38.exd5 Bxf2+ 39.Kxf2 Nb6 40.Qa3 Nxc4 41.Qa8+ 
Kh7 42.Qb8 e4 43.fxe4 Nd2 44.b6 Nxe4+ 45.Kg2 Nc5 46.Qxd6 Qe8 47.Qe7+ Qxe7 
48.Nxe7 Kg7 49.Nf5+ Kf8 50.Nxh6 Ke7 51.Nf5+ Kf8 52.h6 1-0

[Event "8th EUR-ch (w)"]
[Site "Dresden GER"]
[Date "2007.04.09"]
[Round "7"]
[White "Guramishvili, Sopiko"]
[Black "Cherednichenko, Elena"]
[Result "1/2-1/2"]
[WhiteElo "2267"]
[BlackElo "2091"]
[EventDate "2007.04.03"]
[PlyCount "85"]

1.d4 Nf6 2.c4 e6 3.Nf3 Bb4+ 4.Bd2 Qe7 5.g3 O-O 6.Bg2 Bxd2+ 7.Qxd2 d6 8.Nc3
c6 9.O-O e5 10.e4 Bg4 11.Nh4 Ne8 12.h3 Bd7 13.Rad1 Nc7 14.Rfe1 g6 15.Nf3 
f6 16.Re3 Be6 17.d5 cxd5 18.exd5 Bf7 19.Nh2 Nd7 20.f4 b6 21.Ne4 f5 22.Nc3 
Qf6 23.Rf1 Rae8 24.g4 e4 25.Ne2 a5 26.Qd4 Kg7 27.h4 h5 28.gxf5 gxf5 29.Bh3
Bg6 30.Rg3 Kh6 31.Rg5 Re7 32.Qxf6 Rxf6 33.Nd4 Ref7 34.Kf2 Nc5 35.Ke3 a4 
36.Rfg1 b5 37.Nxb5 Nxb5 38.cxb5 Nd3 39.Nf1 Nb4 40.Kd4 Nd3 41.Ke3 Nb4 42.
Kd4 Nd3 43.Ke3 1/2-1/2

[Event "8th EUR-ch (w)"]
[Site "Dresden GER"]
[Date "2007.04.09"]
[Round "7"]
[White "Schulz, Stefanie"]
[Black "Kulovana, Eva"]
[Result "0-1"]
[WhiteElo "2117"]
[BlackElo "2267"]
[EventDate "2007.04.03"]
[PlyCount "60"]

1.e4 e5 2.Nf3 Nf6 3.d3 Nc6 4.Be2 Bc5 5.O-O d6 6.c3 a6 7.b4 Ba7 8.a4 Ne7 9.
Qc2 Ng6 10.h3 O-O 11.Na3 Ne8 12.d4 h6 13.dxe5 dxe5 14.Nc4 Qf6 15.Be3 Bxe3 
16.Nxe3 Nf4 17.Nd5 Nxd5 18.exd5 Bf5 19.Qb3 Nd6 20.c4 Be4 21.Nd2 Bxg2 22.
Kxg2 Qg5+ 23.Kh2 Qxd2 24.Ra2 Qf4+ 25.Kg2 Nf5 26.Qd3 e4 27.Qd2 e3 28.Qd3 
exf2 29.Rxf2 Ne3+ 30.Kg1 Qg3+ 0-1

[Event "8th EUR-ch (w)"]
[Site "Dresden GER"]
[Date "2007.04.09"]
[Round "7"]
[White "Winkelmann, Elena"]
[Black "Gromova, Yulia"]
[Result "0-1"]
[WhiteElo "2114"]
[BlackElo "2252"]
[EventDate "2007.04.03"]
[PlyCount "124"]

1.d4 Nf6 2.c4 g6 3.Nc3 Bg7 4.e4 d6 5.f3 O-O 6.Be3 c5 7.Nge2 Nc6 8.d5 Ne5 
9.Ng3 e6 10.Be2 exd5 11.cxd5 a6 12.a4 Bd7 13.O-O b5 14.axb5 axb5 15.Rxa8 
Qxa8 16.Bxb5 Bxb5 17.Nxb5 Qa6 18.Nc3 Rb8 19.Bf4 Nd3 20.Bxd6 Nxb2 21.Qe2 
Qxd6 22.e5 Qd7 23.Rb1 Nxd5 24.Rxb2 Rxb2 25.Qxb2 Bxe5 26.Qb5 Qxb5 27.Nxb5 
Kf8 28.Ne4 c4 29.Na3 c3 30.Nc2 f5 31.Nf2 Ke7 32.Nd3 Bd6 33.g3 Kd7 34.Kf2 
h5 35.h3 Kc6 36.g4 fxg4 37.fxg4 h4 38.Kf3 Kb5 39.Ke4 Kc4 40.Ne5+ Bxe5 41.
Kxe5 Kd3 42.Na1 Ne3 43.Kf4 Nc2 44.Nb3 Kc4 45.Nc1 Nd4 46.Kg5 c2 47.Kxg6 Kc3
48.Kf6 Kd2 49.Na2 Nc6 50.g5 Nb4 51.g6 Nxa2 52.g7 c1=Q 53.g8=Q Qc3+ 54.Ke7 
Qe3+ 55.Kf6 Qf4+ 56.Ke7 Nc3 57.Qg2+ Kd3 58.Qg6+ Qe4+ 59.Kf6 Nd5+ 60.Kg5 
Qxg6+ 61.Kxg6 Nf4+ 62.Kg5 Ng2 0-1